000 00685cam a22002294a 4500
008
020 _a00735261420 (pbk.)
049 _aMAIN
090 _aPN4781
_bHAR
100 1 _aHarrower, Tim.
245 1 0 _aInside reporting :
_ba practical guide to the craft of journalism /
_cTim Harrower.
260 _aBoston :
_bMcGraw-Hill,
_cc2007.
300 _a325 p. :
_bill. ;
_c28 cm.
504 _aIncludes bibliographical references.
500 _aIncludes index.
650 0 _aReporters and reporting.
907 _a.b1028638x
_b27-02-12
_c04-11-10
003
005 20230123125056.0
040 _cNUST
942 _cBOOKS
_kPN4781
_mHAR
999 _c135289
_d135289